[Event "Olympiad-35"]
[Site "Bled"]
[Date "2002.11.05"]
[Round "10.3"]
[White "Dautov, Rustem"]
[Black "Navara, David"]
[Result "1-0"]
[WhiteElo "2617"]
[BlackElo "2567"]
[Annotator "Dautov,R"]
[PlyCount "55"]
[EventDate "2002.10.26"]
[EventType "team-swiss"]
[EventRounds "14"]
[EventCountry "SLO"]
[SourceTitle "CBM 092"]
[Source "ChessBase"]
[SourceDate "2003.02.06"]
[SourceVersion "1"]
[SourceVersionDate "2003.02.06"]
[SourceQuality "1"]
[WhiteTeam "Germany"]
[BlackTeam "Czech Republic"]
[WhiteTeamCountry "GER"]
[BlackTeamCountry "CZE"]

1. d4 Nf6 2. c4 g6 3. g3 d5 4. cxd5 Nxd5 5. Bg2 Bg7 6. e4 Nb6 7. Ne2 c5 {
Diese Variante gilt als die beste für Schwarz gegen den weißen Aufbau mit 6.e4,
7.Ne2.} 8. d5 e6 9. Nbc3 exd5 10. Nxd5 O-O 11. O-O Bg4 $6 $146 {Nach langem
Nachdenken entschied sich mein junger Gegner, der zu diesem Zeitpunkt ein
fantastisches Score von +4 hatte, für den unmittelbaren Läufertausch. Dabei
hat er sicherlich meinen starken 14.Zug nicht ausreichend gewürdigt.
Stattdessen sollte Schwarz zwischen 11...Nxd5 und 11...Na6 wählen.} (11... Nxd5
12. exd5 Bf5 (12... Na6 $5) 13. Nc3 Na6 14. g4 Bd7 15. d6 Bc6 16. Bxc6 bxc6 17.
Bf4 Rb8 18. Qe2 Rb4 19. Bg3 Nb8 20. Rfe1 Nd7 21. a3 Rd4 22. Rad1 $14 {
Grabarczyk,M-Kempinski,R/Warsaw 2001}) ({Die Stellung nach dem möglichen} 11...
Na6 12. Nec3 Nxd5 13. Nxd5 $1 {entstand in meiner Partie gegen P.Jaracz, Bad
Wiessee 2001. Nach} Nc7 14. Be3 b6 15. Qd2 Nxd5 16. exd5 $14 {bekam ich einen
leichten Vorteil.}) (11... Nc6 12. Be3 $1 $14) 12. h3 Bxe2 13. Qxe2 Nc6 {
Der Springer strebt nach d4 mit gutem Spiel für Schwarz. Wenn da nicht nur
dieser schwache Bauer c5 wäre...} 14. Qb5 $1 {Ein unangenehmer Angriff, den
Schwarz am besten mit 14...Bd4 beantworten sollte. Stattdessen setzte der
junge Tscheche auf Aktivität und opferte einen Bauern.} Nxd5 $2 (14... Qd6 15.
Bf4 Ne5 16. Rad1 $16) (14... Bd4 15. Be3 $14 (15. Bf4 $14)) 15. exd5 Nd4 16.
Qxc5 ({FRITZ indiziert eine andere Möglichkeit, die ich für nicht spielbar
hielt:} 16. Qxb7 Qd6 17. Kh2 $1 {/\Bf4} (17. Kh1 $5) 17... Rfb8 (17... Rab8 $2
18. Qxa7 Ra8 19. Bf4 $18) (17... Be5 18. Bg5 Rfb8 19. Qe7 Rxb2 20. Rae1 $16)
18. Bf4 Be5 19. Bxe5 Qxe5 20. Qa6 Rxb2 21. Rae1 Qf5 $14) 16... Qd7 $5 ({Nach} 
16... Ne2+ 17. Kh2 Nxc1 18. Raxc1 Bxb2 19. Rcd1 $1 $16 {/\d6 stand Schwarz
eine unangenehme Verteidigung bevor.}) 17. Bg5 $1 {Ich verfolgte mit diesem
Zug eine typische Idee - den Läufer auf e7 einzunisten und d5-d6 folgen zu
lassen. Dafür können die weißen Damenflügelbauern bedenkenlos geopfert werden,
denn der Freibauer d5 avanciert zu einer großen Kraft.} (17. Re1 Rfe8 18. Rxe8+
Rxe8 19. Be3 (19. Bd2 Ne2+ {/\Bd4}) 19... b6 20. Qc4 Nf5 $14) 17... Qf5 (17...
Rfc8 18. Qe7 Qf5 19. Rae1 $16) 18. Be7 Rfc8 19. Qa5 Rc2 20. Qa4 $1 {/\d5-d6} b5
(20... Rxb2 21. d6 Ne2+ 22. Kh1 Rd2 23. Qb4 Rb2 24. Qa3 $16) 21. Qa6 Ne2+ 22.
Kh1 $1 {Man darf die Gefährlichkeit des schwarzen Gegenspiels nicht
unterschätzen, so würde die Unaufmerksamkeit 22.Kh2? sofort bestraft werden.} (
22. Kh2 $2 Nxg3 $1 23. fxg3 Qe4 24. Rg1 Qxe7 $15) 22... Bd4 {Navara strickt am
Mattangriff. Der weiße König scheint in großer Gefahr, aber ich sah bereits
eine schöne Verteidigungsmöglichkeit.} (22... Bxb2 23. Rad1 Nc3 24. Rde1 Rxf2
25. Qc6 $16) 23. Qb7 Re8 (23... Rac8 24. d6 Bxf2 25. Bh4 $18) 24. d6 Bxf2 25.
Bh4 $1 $18 {Die einzige, aber ausreichende Verteidigung. Der weiße König ist
abgesichert, Schwarz ist aber machtlos gegen die Drohung d6-d7.} Re3 (25... g5
26. g4 $18) (25... Qc5 26. g4 $18) 26. d7 Nxg3+ 27. Bxg3 Rxg3 28. Qb8+ (28.
Qb8+ Kg7 29. Qxg3 $18) 1-0

[Event "Bayern-chI Bank Hofmann 5th"]
[Site "Bad Wiessee"]
[Date "2001.11.02"]
[Round "7"]
[White "Dautov, Rustem"]
[Black "Jaracz, Pawel"]
[Result "1/2-1/2"]
[WhiteElo "2630"]
[BlackElo "2521"]
[Annotator "Dautov,R"]
[PlyCount "89"]
[EventDate "2001.10.27"]
[EventType "swiss"]
[EventRounds "9"]
[EventCountry "GER"]
[SourceTitle "CBM 086"]
[Source "ChessBase"]
[SourceDate "2002.02.05"]
[SourceVersion "1"]
[SourceVersionDate "2002.02.05"]
[SourceQuality "1"]

1. d4 Nf6 2. c4 g6 3. g3 Bg7 4. Bg2 d5 5. cxd5 Nxd5 6. e4 Nb6 7. Ne2 c5 {
Dies ist die beste Reaktion auf das System 3.Bg2, 6.e4. Schwarz hat keine
Angst vor dem bald entstehenden Freibauern d5.} 8. d5 e6 9. Nbc3 O-O 10. O-O
Na6 ({Der frühere Bauerntausch} 10... exd5 11. exd5 Na6 {erlaubt Weiß den
ehrgeizigen Vorstoß} 12. d6 $5 Re8 (12... Nb4 $2 13. Be3 c4 14. a4 Bf5 15. a5
Nc8 16. a6 $16 {Chiburdanidze,M-Gurieli,N/Groningen 1997}) 13. Nf4 Rb8 14. Nfd5
Nxd5 15. Nxd5 Be6 16. Bf4 Bxd5 17. Qxd5 Nb4 18. Qd2 Qd7 19. Rae1 $14 {Vaganian,
R-Smejkal,J/Bundesliga 1998}) 11. Nf4 exd5 12. Nfxd5 Nxd5 (12... Be6 13. Bf4
Bxd5 14. exd5 c4 15. Qd2 Nc5 16. d6 $14 {Vaganian,R-Ye,J/Moscow (ol) 1994}) 13.
Nxd5 $1 $146 {Ein neuer Versuch. Der weiße Springer ist sehr stark und Schwarz
wird ohne seinen Abtausch nicht auskommen können.} (13. exd5 Qb6 $1 14. d6 Be6
15. Nd5 Bxd5 16. Qxd5 Rad8 17. Bf4 Nc7 18. Qxb7 Qxb7 19. Bxb7 Ne6 20. Rad1 Nxf4
21. gxf4 Bd4 $11 {Jussupow,A-Stohl,I/Batumi 1999}) 13... Nc7 14. Be3 b6 (14...
Bxb2 $2 15. Rb1 Nxd5 16. exd5 Bg7 17. Bxc5 Re8 18. d6 $16) 15. Qd2 Nxd5 16.
exd5 Bf5 $14 {Die entstandene Stellung ist nur leicht besser für Weiß. Sein
Freibauer d5 kann problemlos blockiert werden, außerdem plant der Nachziehende
mit c5-c4 die Verankerung seines Läufers auf d3.} 17. Rac1 {Die Öffnung der
c-Linie mit b2-b4 wäre für Weiß sehr wünschenswert.} (17. d6 $6 {schwächt nur
den Freibauern. Nach} Rc8 18. Rad1 Qd7 19. Bh6 Bxh6 20. Qxh6 Rfe8 21. Rd2 Re5 {
mit dem folgenden Rce8 hat Schwarz keinerlei Probleme.}) (17. Bh6 Qd6 18. Bxg7
Kxg7 $11) 17... Rc8 18. b3 Qd7 19. Rc4 Rfd8 20. Rd1 ({Konsequenter und besser
war} 20. Rfc1 $1 {Geplant ist 21.b4.} Be6 {Ich befürchtete diese Antwort, aber
Weiß kann in Folge ein besseres Endspiel erlangen.} ({Besser ist wohl} 20... a5
{, wonach Weiß mit} 21. a4 $14 {den Damenflügel fixieren kann, um später
eventuell seinen Läufer auf c4 zu überführen.}) 21. Bg5 f6 22. dxe6 Qxd2 23.
Bxd2 Rxd2 24. R4c2 $14 (24. b4 Bf8 $11) 24... Rxc2 25. Rxc2 Rd8 26. Re2 Rd1+
27. Bf1 Kf8 28. e7+ Ke8 29. Re6 c4 30. bxc4 Rd7 31. c5 Rxe7 32. cxb6 $1 axb6
33. Rxb6 $16) (20. b4 $6 Qa4 21. Rfc1 cxb4 22. Qxb4 Qxa2 $15) 20... Bg4 (20...
Bh3 21. Bf3) 21. f3 $6 {Ich nahm die Möglichkeit war, b3-b4 durchzusetzen, was
nach dem Tausch der weißfeldrigen Läufer längst nicht so kraftvoll ist.} ({
Es war noch nicht zu spät für} 21. Rdc1 $1) 21... Bh3 22. Bxh3 Qxh3 23. b4 (23.
Re4 Qf5 24. Rf4 (24. Kg2 Bd4 25. Bxd4 Rxd5 $11) 24... Qd7 $11) 23... cxb4 24.
Qxb4 Bf8 $1 {Am besten. Schwarz blockiert den Bauern d5 mit seinem Läufer,
während ihm die offene c-Linie ausreichend Gegenspiel bietet.} 25. Qb3 (25.
Rxc8 Rxc8 26. Qe4 Bd6 27. Bf2 Qd7 $11) 25... Qf5 26. Rxc8 Rxc8 27. d6 $2 {
Immer noch auf der Suche nach Vorteil, stellte ich den Bauern ein.} (27. Bf2
Bd6 $11) (27. Kg2 Rc2+ 28. Rd2 Rxd2+ 29. Bxd2 h5 $11) 27... Rd8 $17 28. Bf4
Bxd6 $1 {Diesen simplen Zug habe ich vollkommen übersehen.} 29. Qe3 (29. Bxd6
Rxd6 30. Rxd6 Qc5+ $17) 29... Qc5 $1 (29... Qf6 $4 30. Rxd6 Rxd6 31. Qe8+ Kg7
32. Be5 $18) 30. Kg2 Qxe3 31. Bxe3 Be7 (31... Bc7 32. Rc1 Rd7 $17) 32. Rc1 Bc5
$2 {Bei wenig Zeit entscheidet sich mein Gegner für das "falsche" Endspiel.} ({
Die besten Gewinnchancen bot} 32... Rd7 $17) 33. Bxc5 bxc5 34. Rxc5 Rd2+ 35.
Kh3 Rxa2 36. g4 {Das entstandene Turmendspiel ist theoretisch remislich.} h6
37. Kg3 a5 38. h4 Kg7 39. Kf4 Ra1 40. Rb5 Ra3 41. Rc5 a4 42. Ra5 Ra1 43. h5 g5+
44. Kg3 a3 45. Kg2 1/2-1/2

[Event "New York op"]
[Site "New York"]
[Date "1998.03.18"]
[Round "5"]
[White "Lein, Anatoly"]
[Black "Sutovsky, Emil"]
[Result "1/2-1/2"]
[WhiteElo "2465"]
[BlackElo "2595"]
[Annotator "Epishin,V"]
[PlyCount "56"]
[EventDate "1998.03.16"]
[EventType "swiss"]
[EventRounds "9"]
[EventCountry "USA"]
[SourceTitle "CBM 064"]
[Source "ChessBase"]
[SourceDate "1998.06.02"]
[SourceVersion "1"]
[SourceVersionDate "1998.06.02"]
[SourceQuality "1"]

1. d4 Nf6 2. c4 g6 3. g3 Bg7 4. Bg2 d5 5. cxd5 Nxd5 6. e4 Nb6 7. Ne2 c5 8. dxc5
$5 $146 Qxd1+ 9. Kxd1 Na4 10. Nbc3 Nxc5 11. Be3 Nba6 12. Kc2 $1 Nb4+ $2 (12...
b6 $5 13. a3 Bb7 14. b4 Nd7 $132) 13. Kb1 b6 14. a3 Nc6 15. b4 Nd3 (15... Ne6
16. e5 Bb7 17. f4 f6 18. exf6 exf6 19. Ra2 $14) 16. f4 Be6 17. Kc2 Bc4 18. Rad1
Ndxb4+ (18... O-O-O 19. e5 Nb8 20. Nd4 $18) 19. axb4 Nxb4+ 20. Kb1 Bd3+ 21.
Rxd3 Nxd3 22. e5 $16 Rc8 23. Bb7 $6 (23. Kc2 Nc5 (23... Nb4+ 24. Kb3 Nc6 25.
Bxc6+ Rxc6 26. Ra1 a5 27. Nd4 $16) 24. Ra1 a5 25. Rb1 $16) 23... Rc7 24. Ba6
Nc5 25. Bb5+ Kf8 26. Nd5 Rc8 27. Rc1 e6 28. Nb4 f6 $138 1/2-1/2

[Event "Chigorin Memorial 24th"]
[Site "St Petersburg"]
[Date "2016.10.22"]
[Round "7"]
[White "Fier, Alexandr"]
[Black "Duzhakov, Ilya"]
[Result "1-0"]
[WhiteElo "2614"]
[BlackElo "2411"]
[Annotator "Fier,A"]
[PlyCount "91"]
[EventDate "2016.10.15"]
[EventType "swiss"]
[EventRounds "9"]
[EventCountry "RUS"]
[SourceTitle "CBM 176"]
[Source "ChessBase"]
[SourceDate "2017.01.17"]
[SourceVersion "1"]
[SourceVersionDate "2017.01.17"]
[SourceQuality "1"]

1. d4 Nf6 2. c4 g6 3. g3 d5 4. cxd5 Nxd5 5. Bg2 Bg7 6. e4 Nb6 7. Ne2 c5 8. d5
O-O 9. O-O e6 10. Nec3 Na6 11. Bf4 {A trendy idea, in a couple of lines this
move is more useful than the normal 11.a4.} (11. a4 {is the most played move,
but after} exd5 12. exd5 Nc4 13. Nd2 Ne5 14. Nde4 Bg4 {Navara,D (2706)-Bacrot,
E (2695) FRA-chT Top 12 2012 (8.2) 0-1 I believe Black is fine, as seen in}) (
11. Na3 {is another idea} exd5 12. exd5 Bf5 13. Be3 Qd7 14. Qb3 {Wang,Y (2717)
-Wei,Y (2629) CHN-chT China 2014 (19.2) 1/2 which chances for both players})
11... exd5 12. exd5 Nc4 {I didn't prepare against this move, which is not
smart, since it's a typical idea in the other lines.} (12... Bf5 {was the move
I focussed on} 13. g4 $5 Bd7 (13... Bxb1 $6 {after this move White has easy
play} 14. Rxb1 c4 15. Qd2 Qd7 {Mamedyarov,S (2759)-Vocaturo,D (2557) EU-Cup
29th Rhodes 2013 (3.5) 1-0} 16. g5 $14) 14. Nd2 Re8 (14... Qc8 $5) 15. Nde4 {
Ivanchuk,V (2731)-Grischuk,A (2783) Beijing Sportaccord blitz 2013 (15) 1-0
was a high level blitz}) 13. Nd2 Ne5 (13... Nxb2 {Black could take this pawn
now or in the variations of the next moves. It will always go to unclear
positions, but I think in general, it's never enough to level the position.}
14. Qc2 b5 $1 15. d6 Bf5 16. Nde4 Nc4 (16... Qa5 17. a4 $1 {and all Black's
pieces start to be hanging} Bxe4 18. Bxe4 Qxc3 19. Qxc3 Bxc3 20. axb5 $16) 17.
Nxb5 Ne5 18. Qa4 {with advantage.}) (13... Nxd2 {gives White a pleasant edge}
14. Qxd2 c4 15. Rfe1 Nc5 16. Bf1 $1 $16) 14. h3 {Since I was out of book I
went to the most natural move.} (14. Bxe5 {gives an advantage, but during the
game I was really not considering giving up this bishop} Bxe5 15. Nc4 Bd4 16.
Re1 Rb8 17. Nb5 $14 {and even if the computer gives advantage it's hard for me
to understand why White is better.}) 14... Nb4 (14... Nd3 {was again possible,
but if Black didn't take the pawn the first time I had the feeling he would
not go for it now.} 15. Be3 Nxb2 (15... Qa5 16. Nce4 Nxb2 17. Qf3 {gives White
a dangerous initiative}) 16. Qc2 b5 17. Rac1 Bf5 18. Qxb2 b4 19. Ndb1 bxc3 20.
Nxc3 {and White keeps a small edge.}) 15. Nde4 (15. Bxe5 {was again the move
and once again not considered by me} Bxe5 16. Nc4 Bg7 17. a3 Na6 18. Re1 $16)
15... c4 16. Bg5 (16. Bxe5 {it was the last chance for this computer favourite
move} Bxe5 17. Qa4 Nd3 18. Qxc4 Nxb2 19. Qb5 Qb6 20. Qe2 $14 {the knight on b2
is quite misplaced.}) 16... f6 17. Be3 Nbd3 (17... f5 18. Ng5 Ned3 19. Qd2 Re8
(19... Bxc3 {is a computer idea, but it shoudn't really work} 20. Qxc3 f4 21.
gxf4 Rxf4 22. Ne4 {and Black will try some cheap tricks, but in general the
position should not be sound.}) 20. h4 h6 21. Nh3 $14) 18. Nc5 Re8 (18... Nxb2
{is again possible, but White gets some advantage after} 19. Qc2 (19. Qd2 {
is not convincing} Nbd3 20. f4 Nxc5 21. Bxc5 Nd3 22. Bxf8 Qxf8 {with good
compensation}) 19... Nbd3 20. Ne6 Bxe6 21. dxe6 {[%cal Gc3d5,Ga1b1] and
White's pieces are tremendously active.}) 19. b3 Qa5 20. N3e4 Nf7 21. Nxd3 cxd3
22. Qxd3 $1 {A correct sacrifice.} f5 23. Ng5 Ne5 (23... Bxa1 24. Rxa1 Nxg5 25.
Bxg5 Re1+ 26. Rxe1 Qxe1+ 27. Kh2 {and Black is not able to deal both with the
open king and the d-pawn} Qxf2 (27... Bd7 28. d6 $18) 28. d6 $18) 24. Qe2 b6
25. Bd2 $2 {Starting to enter into unnecessary complications.} (25. Rfc1 {
was simple and enough} Ba6 26. Qd1 Nd3 27. d6 $18) 25... Ba6 26. Qe3 Qa3 27.
Rfe1 Bb5 28. d6 Nf7 29. Qf4 Nxg5 30. Qxg5 {Played without thinking, missing an
easy intermezzo.} (30. Bb4 $1 {was clever and I'm able to keep the d6-pawn}
Nxh3+ 31. Bxh3 Qb2 32. Rad1 $16) 30... Qxd6 31. Bf4 Qb4 (31... Qd8 $1 {was the
best defence, but my opponent was not able to see it in time trouble} 32. Rxe8+
Qxe8 33. Rc1 Rc8 (33... Rd8 34. Be3 h6 35. Qf4 {keeping the rooks is dangerous
for Black, since he has a more exposed king}) 34. Rxc8 Qxc8 35. h4 {with a
small advantage, but Black should be able to hold.}) 32. Bd5+ Kh8 33. Bd2 Qd6
34. Bxa8 Bxa1 35. Rxa1 Rxa8 36. Bc3+ {The position is more simple now and it's
a good moment to evaluate. Black's king is much more exposed compared to
White's one and also White's pieces are more active. I am not sure it's a
decisive advantage, but during a game, Black's position is hell to defend.} Kg8
37. Qh6 Qd7 38. Re1 Rc8 39. Bb2 {Near move 40 I didn't want to do anything
committal.} (39. Qh4 $1 {was a nice killer blow, but it's slightly tricky} Rxc3
(39... Re8 40. Rxe8+ Qxe8 41. Qf6 {wins immediately}) 40. Re7 Rxg3+ $1 41. Kh2
$1 Rg2+ 42. Kxg2 Bc6+ 43. f3 Qd2+ 44. Kg3 Qd6+ 45. Kf2 $18) 39... Bc6 40. Kh2
Rc7 (40... f4 {is the computer suggestion, but even here it's hard for Black
to survive} 41. g4 $1 (41. Qxf4 Qd5 42. Rg1 Rf8 43. Qd4 Qxd4 44. Bxd4 Kf7 {
is much less clear}) 41... Rc7 42. Ba3 Qg7 43. Qxf4 $16) 41. Ba3 Qf7 42. Re6
Ba8 43. Qe3 Be4 44. Qd4 Rc2 45. Re7 Qf8 46. Rxa7 (46. Rg7+ {was more classy
and precise} Qxg7 47. Qd8+ Kf7 48. Qe7+ Kg8 49. Qe8+ Qf8 50. Qxf8#) 1-0

[Event "TUR-chT"]
[Site "Konya"]
[Date "2019.07.28"]
[Round "13.7"]
[White "Firouzja, Alireza"]
[Black "Asadli, Vugar Afgan Oglu"]
[Result "1-0"]
[WhiteElo "2685"]
[BlackElo "2502"]
[Annotator "Firouzja,A"]
[PlyCount "55"]
[EventDate "2019.07.17"]
[EventType "team-tourn"]
[EventRounds "13"]
[EventCountry "TUR"]
[SourceTitle "CBM 191 Extra"]
[Source "ChessBase"]
[SourceDate "2019.09.30"]
[SourceVersion "1"]
[SourceVersionDate "2019.09.30"]
[SourceQuality "1"]
[WhiteTeam "Tatvan Satranc Egitimi"]
[BlackTeam "Darassufaka Spor"]
[WhiteTeamCountry "TUR"]
[BlackTeamCountry "TUR"]

{[%evp 0,55,19,31,14,1,42,24,30,15,0,10,10,-1,21,34,46,41,45,21,41,49,38,45,37,
18,10,3,3,-17,-19,-44,-18,-26,-8,-106,0,0,69,53,40,57,30,18,20,20,50,52,48,73,
101,122,117,115,195,151,399,426]} 1. d4 {This is the game that I should win
and reach 2700 for the first time.} Nf6 2. c4 g6 3. g3 Bg7 4. Bg2 d5 5. cxd5
Nxd5 6. e4 Nb6 7. Ne2 {A very good line to go for a win, leading to most
interesting play.} c5 8. d5 e6 9. O-O exd5 10. exd5 O-O 11. Nbc3 Bf5 12. Be3
Na6 13. b3 {This is a well-known setup for White.} Re8 14. h3 Nb4 $1 {A very
strong move.} 15. Rc1 (15. Bxc5 N6xd5 $1 16. Nxd5 Nxd5 $11) 15... c4 16. Bd4 $1
{Allowing Black to win the exchange.} Bh6 17. bxc4 Bxc1 18. Nxc1 $1 {He
probably missed this move.} (18. Qxc1 Bd3 19. Qh6 f6 $13) 18... Rc8 $6 (18...
Nxc4 {I thought this should be the best move here, and it leads to a very
unbalanced game:} 19. Qb3 Nd2 20. Qxb4 Nxf1 21. Kxf1 Rc8 $13) 19. a3 {Now
White is getting a very easy play.} Na6 20. g4 Bd7 21. Ne4 Rxe4 22. Bxe4 $18 {
Because of the two bishops this positon should be winning.} Nc5 23. Bg2 Nxc4
24. Re1 Nd6 25. Qd2 Nb5 26. Ba1 Na4 27. Na2 Qf8 28. Qf4 {Qf6 is threatened and
the knight on a4 is hanging, so he resigned.} 1-0

[Event "Belgrade Investbank"]
[Site "Belgrade"]
[Date "1989.11.??"]
[Round "8"]
[White "Nikolic, Predrag"]
[Black "Kozul, Zdenko"]
[Result "0-1"]
[WhiteElo "2600"]
[BlackElo "2560"]
[Annotator "Ftacnik,L"]
[PlyCount "86"]
[EventDate "1989.11.??"]
[EventType "tourn"]
[EventRounds "11"]
[EventCountry "YUG"]
[EventCategory "15"]
[SourceTitle "CBM 016"]
[Source "ChessBase"]
[SourceDate "1990.06.01"]
[SourceVersion "1"]
[SourceVersionDate "1990.06.01"]
[SourceQuality "1"]

1. d4 Nf6 2. c4 g6 3. g3 Bg7 4. Bg2 d5 5. cxd5 Nxd5 6. e4 Nb6 7. Ne2 O-O 8.
Nbc3 Nc6 9. d5 Na5 10. a4 c5 11. O-O c4 12. Be3 e6 {N} 13. h3 (13. Nd4 e5 14.
Nc2 Bd7 $132) (13. dxe6 $5 Bxe6 14. Nf4 $22 Nb3 15. Nxe6 fxe6 16. Ra2 $16)
13... exd5 14. exd5 Bf5 15. Re1 Qd6 $6 (15... Nd7 16. g4 Bd3 17. Nf4 Ne5 18.
Bd4 Qg5 19. Bxe5 Bxe5 20. Nxd3 cxd3 21. Qxd3 Qf4 $132) 16. Nb5 Qd8 17. Nbd4 Bd3
18. Nf4 Re8 (18... Bxd4 19. Bxd4 Nb3 20. Nxd3 Nxa1 21. Nc5 Nb3 22. Nxb3 cxb3
23. Qxb3 $146) 19. Nxd3 cxd3 20. Qxd3 Nac4 (20... Nxd5 $6 21. Bd2 $16) 21. a5
Nxb2 (21... Nxe3 22. fxe3 Nxd5 23. a6 $1 $16) 22. Qb3 N6c4 23. a6 Rb8 24. Bf4
$2 (24. axb7 Qb6 25. Qxb6 axb6 $13) 24... Bxd4 25. Bxb8 Qxb8 $2 (25... Rxe1+
26. Rxe1 Qxb8 $17) 26. axb7 $2 (26. Rxe8+ Qxe8 27. axb7 Qb8 28. d6 $16) 26...
Rxe1+ 27. Rxe1 Nd6 28. Re7 Nbc4 29. Qf3 Kf8 30. Re1 Qxb7 31. Qf4 Bc3 32. Re2 a5
33. Bf1 Qb1 34. Kg2 a4 35. Re6 g5 36. Qxg5 fxe6 37. Qd8+ Ne8 38. dxe6 Qe4+ 39.
Kh2 Ncd6 40. Qd7 Bf6 41. Bg2 Qc2 42. Qa7 Be7 43. Qd4 Nf6 {Ftacnik} 0-1

[Event "USA-ch"]
[Site "USA"]
[Date "1989.??.??"]
[Round "11"]
[White "Fedorowicz, John P"]
[Black "Kudrin, Sergey"]
[Result "0-1"]
[WhiteElo "2560"]
[BlackElo "2570"]
[Annotator "Ftacnik,L"]
[PlyCount "80"]
[EventDate "1989.11.??"]
[EventType "tourn"]
[EventRounds "15"]
[EventCountry "USA"]
[EventCategory "12"]
[SourceTitle "CBM 019"]
[Source "ChessBase"]
[SourceDate "1990.12.01"]
[SourceVersion "1"]
[SourceVersionDate "1990.12.01"]
[SourceQuality "1"]

1. d4 Nf6 2. c4 g6 3. g3 Bg7 4. Bg2 d5 5. cxd5 Nxd5 6. e4 Nb4 7. d5 O-O 8. a3
N4a6 9. Nf3 c6 10. O-O cxd5 11. exd5 Nd7 {N} (11... Nc7 12. Nc3 Ne8 13. Re1 Nd6
14. Bg5 Re8 15. Qe2 Bg4 16. Ne4 Na6 17. Nxd6 Qxd6 18. Rad1 $16 {Duric,S-Kudrin/
New York/1989/ ->CBM 12}) 12. Nc3 Nb6 13. Re1 Nc7 14. Ne5 Ne8 (14... e6 $5 15.
dxe6 (15. d6 Ne8 16. Bf4 Bxe5 17. Bxe5 f6) 15... Nxe6 16. Nd5 $14) 15. Bf4 Nd6
16. Qe2 Re8 17. Rad1 Bd7 18. h4 $1 h5 (18... Rc8 19. h5 Ndc4 20. Nc6 $1 $16)
19. Kh2 a6 (19... Rc8 $5) 20. Ne4 Ba4 21. Rd4 Bb5 22. Qf3 Nd7 (22... Nxe4 23.
Qxe4 $16) 23. Ng5 $1 Nxe5 24. Bxe5 Bxe5 (24... f6 25. Ne6 Qb6 26. Bf4 $16) 25.
Rxe5 Bd7 (25... f6 26. Ne6 fxe5 (26... Qb6 27. Rxh5 $1 gxh5 28. Qxh5) 27. Qe3
$1 Nf5 (27... exd4 28. Qh6 Nf5 29. Qxg6+ Kh8 30. Qxh5+ Kg8 31. Qxf5 $18) 28.
Qg5 Kh7 29. Be4 $1 Rf8 30. Nxd8 exd4 31. Bxf5 Rxf5 32. Qxe7+ Kg8 33. Ne6 Rf7
34. Qg5 $18) 26. Re1 Rc8 27. Rf4 $1 Bf5 28. Bh3 Bxh3 29. Kxh3 Rf8 (29... Nf5
30. Rxf5 Qd7 31. Re6 $1 fxe6 32. Nxe6 gxf5 33. Qxf5 $18) 30. Qd3 Qd7+ 31. Kh2
Nf5 32. Re5 Qb5 (32... e6 $2 33. Qf3 exd5 34. Rfxf5 gxf5 35. Qxh5 f6 36. Rxd5
Qe7 37. Qg6+ Kh8 38. Rxf5 fxg5 39. Qh6+ $18) 33. Qb1 Qb6 34. Rexf5 gxf5 35.
Qxf5 Qg6 36. Qe5 Rc1 37. Rf5 (37. Qxe7 Qb1 38. Qe4 $16) 37... Re1 38. Qf4 f6
39. d6 $2 (39. Ne4 Rc8 40. d6 $1) 39... e6 $1 40. Rc5 fxg5 {Ftacnik,L} (40...
fxg5 41. Rxg5 Rxf4 42. Rxg6+ Kf7 43. gxf4 Kxg6 $19) 0-1